000 00847nam a2200253Ia 4500
003 OSt
005 20220923215113.0
006 a|||||r|||| 00| 0
007 ta
008 220922b |||||||| |||| 00| 0 hin d
024 _a175,600
037 _cTextual
040 _aARTS
_cARTS
_bhin
041 _2hin
_ahin
082 _aO152,1x, K7
100 _aयुगलानन्द बिहारी, संपा.
245 0 _aअनुराग सागर
246 _aAnurāg sāgara
260 _aबम्बई
_b गंगा विष्णुश्री कृष्णदास
_c1967
300 _a164 पृ.
_ccm.
650 _aहिन्दी साहित्य
_9156264
942 _hO152,1x, K7
_cTEXL
_2CC
999 _c329304
_d329304